Country Flags With Stars Picture Quiz - Statistics

General Stats
  • This quiz has been taken 69 times
    53 since last reset
  • The average score is 54 of 70
Answer Stats
Picture Answer % Correct
Brazil
96%
Australia
94%
Kosovo
92%
New Zealand
92%
United States
92%
Chile
88%
China
88%
Ethiopia
88%
Morocco
88%
Panama
88%
Tunisia
88%
Turkey
88%
Algeria
86%
Bosnia and Herzegovina
86%
Israel
86%
Nepal
86%
North Korea
86%
Pakistan
86%
Slovenia
84%
Syria
84%
Turkmenistan
84%
Vietnam
84%
Croatia
82%
Cuba
82%
Singapore
82%
Venezuela
82%
Honduras
80%
Malaysia
80%
Papua New Guinea
80%
Philippines
80%
Uzbekistan
80%
Democratic Republic of the Congo
78%
Ghana
78%
Myanmar
78%
Angola
76%
Liberia
76%
Moldova
76%
Mozambique
76%
Senegal
76%
Somalia
76%
Zimbabwe
76%
Costa Rica
73%
Dominica
73%
Paraguay
73%
Cameroon
71%
East Timor
71%
Federated States of Micronesia
71%
Nauru
71%
Samoa
71%
Tajikistan
71%
Burkina Faso
69%
Comoros
69%
Libya
69%
Marshall Islands
69%
Suriname
69%
Bolivia
67%
Central African Republic
67%
Djibouti
67%
Grenada
67%
Guinea-Bissau
67%
Tuvalu
67%
Cape Verde
65%
Mauritania
65%
Saint Kitts and Nevis
65%
South Sudan
65%
Togo
65%
Burundi
63%
São Tomé and Príncipe
61%
Solomon Islands
61%
Equatorial Guinea
59%
No matching quizzes found
Score Distribution
Percent of People with Each Score
Percentile by Number Answered
Your Score History
You have not taken this quiz since the last reset